Logo BPK

Biblioteka

Politechniki Koszalińskiej

Polityka naukowa i organizacja procesu wychowawczego w szkole wyższej / (Rekord nr 47168)

Szczegóły MARC
000 -ETYKIETA REKORDU
podpole kontrolne o stałej długości 00657nam a2200157 i 4500
001 - NUMER KONTROLNY REKORDU
pole kontrolne bg
040 ## - ŹRÓDŁO KATALOGOWANIA
Instytucja, która utworzyła rekord BPK
041 ## - KOD JĘZYKA
Kod języka tekstu pol
008 - POLE O STAŁEJ DŁUGOŚCI - DANE KONTROLNE
podpole kontrolne o stałej długości s pl f |000 0 pol
245 #0 - TYTUŁ/ODPOWIEDZIALNOŚĆ
Tytuł Polityka naukowa i organizacja procesu wychowawczego w szkole wyższej /
Pozostałe elementy strefy tytułu i oznaczenia odpowiedzialności pod red. Leona Leji ; Uniwersytet im. Adama Mickiewicza w Poznaniu. Instytut Nowych Technik Kształcenia.
260 ## - STREFA ADRESU WYDAWNICZEGO
Miejsce wydania Poznań,
Data publikacji, dystrybucji/powstania dokumentu 1977.
490 1# - STREFA SERII I DOKUMENTU WIELOCZĘŚCIOWEGO - FORMA NIE DO WYSZUKIWANIA
Tytuł i oznaczenie odpowiedzialności serii Kształcenie pedagogiczne młodej kadry naukowo-dydaktycznej : materiały dydaktyczne ;
Numeracja w obrębie serii z.1
700 1# - HASŁO DODATKOWE - NAZWA OSOBOWA
Nazwa osobowa Leja, Leon.
Określenie związku między hasłem a opisywanym materiałem Red.
830 ## - HASŁO DODATKOWE SERII LUB DOKUMENTU WIELOCZĘŚCIOWEGO - TYTUŁ UJEDNOLICONY
Tytuł ujednolicony Kształcenie pedagogiczne młodej kadry naukowo-dydaktycznej : materiały dydaktyczne ;
856 ## - LOKALIZACJA I DOSTĘP DO ELEKTRONICZNYCH DOKUMENTÓW ZDALNYCH
Link (URL) http://koha.tu.koszalin.pl/cgi-bin/koha/opac-detail.pl?biblionumber=47168
Tekst linku Katalog online BPK
942 ## - DODATKOWE ELEMENTY (KOHA)
Typ dokumentu Książka
Egzemplarze
Wycofany Status egzemplarza Uszkodzony Dostępność Lokalizacja stała Lokalizacja bieżąca Miejsce przechowywania Sygnatura Kod kreskowy Typ dokumentu
      Dostępny Biblioteka Politechniki Koszalińskiej Biblioteka Politechniki Koszalińskiej Wypożyczalnia BG 22764/2 02056364 Książka
      Dostępny Biblioteka Politechniki Koszalińskiej Biblioteka Politechniki Koszalińskiej Wypożyczalnia BG 22765/2 02056456 Książka
© 2023 Biblioteka Politechniki Koszalińskiej :: KOHA